Meme numbers - Statistics

General Stats
  • This quiz has been taken 369 times
  • The average score is 7 of 10
Answer Stats
Hint Answer % Correct
Biggest meme today 67
99%
what's nine plus ten? 21
92%
"I'm _ years old!" 4
90%
Funny number 69
89%
"I know what's funnier than 24" 25
79%
Stuck right between two memes 68
75%
__ and I got __ goals 41
63%
Drug time 420
53%
I'm like hey what's up hello 1738
44%
NEW NICHE NUMBER!! 61
44%
No matching quizzes found
Score Distribution
Percent of People with Each Score
Percentile by Number Answered
Your Score History
You have not taken this quiz